书目信息 |
| 题名: |
管理学基础
|
|
| 作者: | 雷克昌 编著 | |
| 分册: | ||
| 出版信息: | 北京 中国水利水电出版社 1999.05 |
|
| 页数: | 183页 | |
| 开本: | 26cm | |
| 丛书名: | ||
| 单 册: | ||
| 中图分类: | C93 | |
| 科图分类: | ||
| 主题词: | 管理学--guan li xue--基本知识 | |
| 电子资源: | ||
| ISBN: | 7-80124-999-2 | |
| 000 | 00878nam0 2200241 450 | |
| 001 | 012007219874 | |
| 005 | 20080424152417.62 | |
| 010 | @a7-80124-999-2@dCNY22.00 | |
| 100 | @a20070519d1999 km y0chiy0120 ea | |
| 101 | 0 | @achi |
| 102 | @aCN@b110000 | |
| 105 | @ay z 000yy | |
| 106 | @ar | |
| 200 | 1 | @a管理学基础@Aguan li xue ji chu@e可作管理类各专业教学用书@f雷克昌编著@Flei ke chang bian zhu |
| 210 | @a北京@c中国水利水电出版社@d1999.05 | |
| 215 | @a183页@d26cm | |
| 330 | @a本书自成体系,为一家之言,既着重从基本原理与方法上论述管理,也不乏提出各类管理的总体思路和思想方法,不失为一本实用型的参考书。 | |
| 517 | 1 | @a可作管理类各专业教学用书@Ake zuo guan li lei ge zhuan ye jiao xue yong shu |
| 606 | 0 | @a管理学@Aguan li xue@x基本知识 |
| 690 | @aC93@v4 | |
| 701 | 0 | @a雷克昌@Alei ke chang@4编著 |
| 801 | 0 | @aCN@bQSSK@c20080424 |
| 905 | @b20703165-67@dC93@eL083@f3 | |
| 管理学基础:可作管理类各专业教学用书/雷克昌编著.-北京:中国水利水电出版社,1999.05 |
| 183页;26cm |
| ISBN 7-80124-999-2:CNY22.00 |
| 本书自成体系,为一家之言,既着重从基本原理与方法上论述管理,也不乏提出各类管理的总体思路和思想方法,不失为一本实用型的参考书。 |
| ● |
| 相关链接 |
|
|
|
正题名:管理学基础
索取号:C93/L083
 
预约/预借
| 序号 | 登录号 | 条形码 | 馆藏地/架位号 | 状态 | 备注 |
| 1 | 703165 | 207031656 | 社科库509/509社科库 63排4列5层/ [索取号:C93/L083] | 在馆 | |
| 2 | 703166 | 207031665 | 社科库509/509社科库 63排4列5层/ [索取号:C93/L083] | 在馆 | |
| 3 | 703167 | 207031674 | 社科库509/509社科库 63排4列5层/ [索取号:C93/L083] | 在馆 |